Escaramuzas geoestratégicas en el patio trasero: China y Rusia en América Latina /

Na minha lista:
Detalhes bibliográficos
Autor principal: Detsch, Claudia
Formato: Livro
Idioma:Spanish
Tags: Adicionar Tag
Sem tags, seja o primeiro a adicionar uma tag!

MARC

LEADER 00000nam a22000007a 4500
003 cru CIDCACS/IIS
005 20180830133159.0
007 ta
008 180830s2018 |||p|r||||||0| ||spa||
999 |c 41618  |d 41618 
040 |c cru CIDCACS/IIS 
100 1 |9 7569  |a Detsch, Claudia 
245 1 |a Escaramuzas geoestratégicas en el patio trasero:  |b China y Rusia en América Latina /  |c Claudia Detsch 
300 |a páginas 79-91 
773 0 |0 19022  |9 2208  |a Fundación Friedrich Ebert  |d Fundación Friedrich Ebert; Nueva Sociedad  |o 18914  |t Nueva Sociedad / 
942 |2 ddc  |c PP